000 00484nam a2200193Ia 4500
003 OSt
005 20260326124900.0
008 250729s2010 xx 000 0 und d
020 _a9788128002281
040 _cAL
041 _akan
082 _a510.3 RAMU
100 _aH.S.Rama Rao
_9230557
245 _aNithya ganitha
260 _aMangalore
_bKriya samshodhane mattu nuthana avishkara Vibhaga
_c2010
300 _a126p
650 _aMathematics
_9230558
942 _2ddc
_cBED
999 _c238841
_d238841